| 000 | 01660cam a22004337a 4500 | ||
|---|---|---|---|
| 003 | CHAP | ||
| 005 | 20220329135741.0 | ||
| 008 | 971013s r 00010 d | ||
| 010 | _a41492 | ||
| 011 | _a42464 | ||
| 035 | _a46593 | ||
| 040 | _cCHAP | ||
| 082 |
_a972.02 _bE5 |
||
| 100 | 0 | 0 |
_aEnzensberger, Hans Magnus. _937193 |
| 245 | 1 | 4 | _aLas casas, o una mirada retrospectiva hacia el futuro |
| 260 |
_a(s.l.) : _b(s.e.), _c(s.a.) |
||
| 300 | _a19 p | ||
| 500 | _aTomado de : El interrogatorio de la Habana. Barcelona. Anagrama, 1973. pp 141-170 | ||
| 590 |
_aBATCH-UPD _b10 _c20130110 _lUCH01 _h2002 |
||
| 590 |
_aBATCH-UPD _b10 _c20130410 _lUCH01 _h1322 |
||
| 590 |
_aBATCH-UPD _b10 _c20130914 _lUCH01 _h0550 |
||
| 590 |
_aCONVERSION _b10 _c20130109 _lUCH01 _h1323 |
||
| 650 | 1 | 4 |
_aBartolomé de las Casas, Fray. _910641 |
| 650 | 1 | 4 |
_aColonias y colonización. _925385 |
| 650 | 1 | 4 |
_aMéxico _xHistoria _xConquista. _976756 |
| 901 | _aBK | ||
| 942 | _cLIBRO | ||
| 949 |
_a972.02 E5 _bBC _cBPA _d-106155 _eBPA _i46593 _si |
||
| 949 |
_a972.02 E5 _bBC _cBPA _d-153887 _eBPA _fc.2 _i46593 _si |
||
| 949 |
_a972.02 E5 _bBC _cBPA _d-153888 _eBPA _fc.3 _i46593 _si |
||
| 949 |
_a972.02 E5 _bBC _cBPA _d-153889 _eBPA _fc.4 _i46593 _si |
||
| 949 |
_a972.02 E5 _bBC _cBPA _d-153890 _eBPA _fc.5 _i46593 _si |
||
| 949 |
_a972.02 E5 _bBC _cBPA _d-153891 _eBPA _fc.6 _i46593 _si |
||
| 949 |
_a972.02 E5 _bBC _cBPA _d-153892 _eBPA _fc.7 _i46593 _si |
||
| 949 |
_a972.02 E5 _bBC _cBPA _d-153893 _eBPA _fc.8 _i46593 _si |
||
| 949 |
_a972.02 E5 _bBC _cBPA _d-153894 _eBPA _fc.9 _i46593 _si |
||
| 949 |
_a972.02 E5 _bBC _cBPA _d-153895 _eBPA _fc.10 _i46593 _si |
||
| 949 |
_a972.02 E5 _bBC _cBPA _d-153896 _eBPA _fc.11 _i46593 _si |
||
| 999 |
_c41492 _d41492 |
||